Dutch architecture of the xxth century / (Record no. 95644)

MARC details
000 -LEADER
fixed length control field 00709cam a22002051 4500
008 - FIXED-LENGTH DATA ELEMENTS--GENERAL INFORMATION
fixed length control field
090 ## - LOCALLY ASSIGNED LC-TYPE CALL NUMBER (OCLC); LOCAL CALL NUMBER (RLIN)
Classification number (OCLC) (R) ; Classification number, CALL (RLIN) (NR) NA1148
Local cutter number (OCLC) ; Book number/undivided call number, CALL (RLIN) DUT
003 - CONTROL NUMBER IDENTIFIER
control field
005 - DATE AND TIME OF LATEST TRANSACTION
control field 20230120131030.0
040 ## - CATALOGING SOURCE
Transcribing agency NUST
049 ## - LOCAL HOLDINGS (OCLC)
Holding library MAIN
100 1# - MAIN ENTRY--PERSONAL NAME
Personal name Mieras, J. P.
245 10 - TITLE STATEMENT
Title Dutch architecture of the xxth century /
Statement of responsibility, etc. edited by J.P. Mieras ... and F.R. Yerbury ... with photographs specially taken by F.R. Yerbury, and an introduction by J.P. Mieras.
260 ## - PUBLICATION, DISTRIBUTION, ETC.
Place of publication, distribution, etc. New York :
Name of publisher, distributor, etc. C. Scribner's sons,
Date of publication, distribution, etc. 1926.
300 ## - PHYSICAL DESCRIPTION
Extent xv p.
Other physical details illus.
Dimensions 28 x 22 cm.
650 #0 - SUBJECT ADDED ENTRY--TOPICAL TERM
Topical term or geographic name entry element Architecture
Geographic subdivision Netherlands.
700 1# - ADDED ENTRY--PERSONAL NAME
Personal name Yerbury, Francis Rowland.
907 ## - LOCAL DATA ELEMENT G, LDG (RLIN)
a .b10191902
b 21-03-13
c 13-02-06
942 ## - ADDED ENTRY ELEMENTS (KOHA)
Koha item type Ordinary Loan Books
Call number prefix NA1148
Call number suffix DUT
Holdings
Date last seen Total Checkouts Full call number Barcode Cost, replacement price Price effective from Koha item type Lost status Source of classification or shelving scheme Damaged status Not for loan Collection Withdrawn status Home library Current library Shelving location Date acquired Cost, normal purchase price
01/20/2023   NA1148 MIE 92004003121 80.00 01/20/2023 BOOKS   LCC     NFIC   FOBE FOBE GEN 01/20/2023 80.00